| 000 | 00368 a2200145 4500 | ||
|---|---|---|---|
| 005 | 20250610095239.0 | ||
| 020 | _a978-81-315-1614-0 | ||
| 082 | _a338.4 KUR | ||
| 100 | _aKURATKO, D. | ||
| 245 | _aEntrepreneurship: An introduction | ||
| 250 | _a8th Ed. | ||
| 260 |
_aNew Delhi _bCENGAGE Learning _c2011 |
||
| 300 |
_a556p. table,picture _bindex _c25cm |
||
| 942 |
_2ddc _cBKS |
||
| 999 |
_c3587 _d3587 |
||